Дзвони вічного саду (Record no. 411459)

MARC details
000 -Лідер
fixed length control field 01622nam a22002657a 4500
001 - Контрольний номер
control field 124314
003 - Ідентифікатор контрольного номера
control field UA-OsUOA
005 - Дата та час останнього входження (трансакції)
control field 20260403120153.0
007 - Фіксоване поле фізичного опису
fixed length control field ta
008 - Елементи даних фіксованої довжини – загальна інформація
fixed length control field 20170809b un ||un |||| 00| 0 ukrpdukr d
020 ## - Міжнародний стандартний книжковий номер (ISBN)
Міжнародний стандартний книжковий номер (ISBN) (НП) 5770703032
040 ## - Джерело каталогізації
Агенція оригінальної каталогізації UA-OsUOA
Мова каталогізації ukr
Агенція, яка здійснювала перезапис UA-OsUOA
Агенція, яка здійснювала модифікацію UA-OsUOA
041 ## - Код мови
Код мови тексту/ звукової доріжки чи окремого заголовка (П) ukr
080 ## - Індекс Універсальної десяткової класифікації
Індекс Універсальної десяткової класифікації (УДК) (НП) 821.161.2
090 ## - Локальний шифр розміщення
Класифікаційний індекс УДК 821.161.2
Авторський знак (НП) К49
100 ## - Основне введення – ім’я особи
Ім’я особи (НП) Клименко Н.
9 (RLIN) 24840
245 ## - Відомості про назву
Назва (НП) Дзвони вічного саду
Дані про відповідальність (НП) Наталя Клименко
Решта назви (НП) поезії
260 ## - Публікація, розповсюдження і т.п. (Вихідні дані)
Місце публікації, розповсюдження і т.п. (П) Київ
Ім’я/ наймення видавництва, розповсюджувача і т.п. (П) Хрещатик
Дата публікації, розповсюдження і т.п. (П) 1995
300 ## - Фізичний опис
Обсяг 159 с.
520 ## - Резюме і т.п.
Резюме, реферат, анотація, тощо (НП) "Любові дерево не знає листопаду" - ці рядки можна поставити епіграфом до другої збірки поезій Наталі Клименко "Дзвони вічного саду", бо вони, як в краплі води, відбивають її тональність і настрій.<br/>Врна прилучає нас до свого бачення багатоликості світу, до вічного потоку оновлення, до утрат і набутківнашого єдиного і неповторного життя.<br/>Любов - цей нетьмяніючий внутрішній імператив - надає віршам динаміки руху і піднімає у небо трепетну птаху поезії.
650 #7 - Додаткове предметне введення – тематичний термін
Тематичний термін чи географічна назва, як елемент введення (НП) 82 Література. Літературознавство
Джерело заголовка чи терміна UDC
9 (RLIN) 15
942 ## - Додаткові елементи входу (Коха)
Тип елемента Koha Books
Source of classification or shelving scheme Universal Decimal Classification
955 ## - Код типу видання за змістом
Код типу видання за змістом (НП) Літературно-художні видання
Holdings
Стан вилучень Стан втрат Джерело класифікації або схеми стелажів Стан уражень Не для кредиту Код колекції Постійне місце розташування Поточне розміщення Дата придбання Джерело придбання Вартість, звичайна ціна покупки Інвентарний номер Повний номер виклику Штрих-код Дата останнього перегляду Ціна ефективна від Тип елемента Koha Примітка, призначена для загального доступу Усього замовленно Вартість, ціна заміни
    Universal Decimal Classification     Колекція Жулинського М.Г. АБ - Абонемент НБ АБ - Абонемент НБ 09/08/2017 32/2017 10.00 154378 821.161.2 К49 154378 24/12/2021 09/08/2017 Books З автографом Н. Клименко    
    Universal Decimal Classification     Колекція Шевчука Валерія АБ - Абонемент НБ АБ - Абонемент НБ 24/03/2026 Акт №14/24.03.2026 15.00 169665 821.161.2 К49 169665 01/04/2026 01/04/2026 Books З автографом авторки   15.00